Länder mit den meisten Nachbarbuchstaben - Statistiken

Allgemein
  • Dieses Quiz wurde 74 mal gespielt
  • Das Durchschnittsergebnis liegt bei 12 aus 20
Antwortstatistiken
Nachbarländer Nachbarbuchstaben Land % Korrekt
Afghanistan | Bhutan | Indien | Kasachstan | Kirgisistan | Laos | Mongolei | Myanmar | Nepal | Nordkorea | Pakistan | Russland | Tadschikistan | Vietnam 113 China
95%
Aserbaidschan | Belarus | China | Estland | Finnland | Georgien | Kasachstan | Lettland | Litauen | Mongolei | Nordkorea | Norwegen | Polen | Ukraine 110 Russland
92%
Belgien | Dänemark | Frankreich | Luxemburg | Niederlande | Österreich | Polen | Schweiz | Tschechien 77 Deutschland
89%
Argentinien | Bolivien | Frankreich | Guyana | Kolumbien | Paraguay | Peru | Suriname | Uruguay | Venezuela 72 Brasilien
82%
Angola | Burundi | Republik Kongo | Ruanda | Sambia | Südsudan | Tansania | Uganda | Zentralafrikanische Republik 87 Demokratische Republik Kongo
79%
Angola | Demokratische Republik Kongo | Gabun | Kamerun | Zentralafrikanische Republik 71 Republik Kongo
79%
Andorra | Belgien | Brasilien | Deutschland | Italien | Luxemburg | Monaco | Schweiz | Spanien | Suriname 78 Frankreich
71%
Afghanistan | Armenien | Aserbaidschan | Irak | Pakistan | Türkei | Turkmenistan 62 Iran
68%
Deutschland | Italien | Liechtenstein | Schweiz | Slowakei | Slowenien | Tschechien | Ungarn 71 Österreich
61%
Armenien | Aserbaidschan | Bulgarien | Georgien | Griechenland | Irak | Iran | Syrien 64 Türkei
59%
Irak | Jemen | Jordanien | Katar | Kuwait | Oman | Vereinigte Arabische Emirate 60 Saudi-Arabien
55%
Algerien | Burkina Faso | Elfenbeinküste | Guinea | Mauretanien | Niger | Senegal 62 Mali
52%
Belarus | Deutschland | Litauen | Russland | Slowakei | Tschechien | Ukraine 58 Polen
50%
Bosnien und Herzegowina | Bulgarien | Kroatien | Kosovo | Montenegro | Nordmazedonien | Rumänien | Ungarn 82 Serbien
50%
Ägypten | Äthiopien | Eritrea | Libyen | Südsudan | Tschad | Zentralafrikanische Republik 70 Sudan
50%
Äthiopien | Demokratische Republik Kongo | Kenia | Sudan | Uganda | Zentralafrikanische Republik 78 Südsudan
42%
Demokratische Republik Kongo | Kamerun | Republik Kongo | Sudan | Südsudan | Tschad 65 Zentralafrikanische Republik
38%
Äquatorialguinea | Gabun | Nigeria | Republik Kongo | Tschad | Zentralafrikanische Republik 74 Kamerun
33%
Angola | Botswana | Demokratische Republik Kongo | Malawi | Mosambik | Namibia | Simbabwe | Tansania 77 Sambia
32%
Burundi | Demokratische Republik Kongo | Kenia | Malawi | Mosambik | Ruanda | Sambia | Uganda 70 Tansania
29%
Keine übereinstimmenden Quizze gefunden
Verteilung der Resultate
Anzahl Personen mit jedem Resultat
Perzentil nach korrekt beantworteten Fragen
Ihre Resultats-Entwicklung
Sie haben dieses Quiz noch nicht gespielt